|
|
|
|
| LEADER |
00000nab a2200000 a 4500 |
| 001 |
vtls000745317 |
| 003 |
SK-MaSNL |
| 005 |
20260302192853.0 |
| 008 |
180409c1999 xo 0 slo |
| 015 |
|
|
|a SNBRB2001/01-01298
|
| 035 |
|
|
|a CLN000097151
|
| 040 |
|
|
|a SNKBUCL
|b slo
|c SNKBUCL
|e AACR2
|
| 041 |
0 |
|
|a slo
|
| 044 |
|
|
|a xo
|c SK
|
| 080 |
|
|
|a 05(437.6)(091)"1944"
|2 UDC-MRF-SK2
|
| 080 |
|
|
|a 943.76"1944"
|2 UDC-MRF-SK2
|
| 100 |
1 |
|
|a Krokavec, Stanislav
|4 aut
|9 904840
|
| 245 |
1 |
0 |
|a Svedectvo doby
|b nad stránkami povstaleckého Nového slova
|c Stanislav Krokavec
|
| 300 |
|
|
|b Obr.
|
| 630 |
0 |
7 |
|a Nové slovo (časopis)
|2 snkbucl
|9 399054
|
| 650 |
0 |
7 |
|a Slovenské národné povstanie (1944)
|2 snkbucl
|9 177948
|
| 655 |
|
7 |
|a články z novín a časopisov
|2 snkbucl
|9 267496
|
| 773 |
0 |
|
|x 1335-468X
|t Slovo. Politicko-spoločenský týždenník
|g Roč. 1, č. 31 (1999), s. 12
|
| 850 |
|
|
|a Slovenská národná knižnica v Martine
|
| 852 |
|
|
|a SNK
|b KIS3GCP
|
| 958 |
|
|
|a RBX
|
| 999 |
|
|
|c 1442421
|d 1444351
|